[Event "DEM U10/U10w 2014"]
[Site "Magdeburg GER"]
[Date "2014.06.13"]
[Round "10"]
[White "Kurzweil, Nalani"]
[Black "Pflugradt, Natalie"]
[Result "1-0"]
[Termination "normal"]
[Board "37"]
[WhiteElo "1194"]
[BlackElo "1127"]
[PlyCount "127"]
[WhiteFideId "12985694"]
[BlackFideId "16212444"]
[EventCountry "GER"]
[EventRounds "11"]
[EventType "swiss"]
[EventDate "2014.06.07"]

1. Nf3 Nf6 2. d4 g6 3. c4 d6 4. Nc3 Bg7 5. e4 O-O 6. Bg5 Qe8 7. Be2 Nbd7 8. O-O
e5 9. d5 Nc5 10. Bxf6 Bxf6 11. b4 Nd7 12. Nd2 Bg7 13. Rc1 f5 14. h3 f4 15. Bg4
Nf6 16. Bxc8 Rxc8 17. g3 Nh5 18. g4 Nf6 19. Nf3 Qd7 20. Ng5 Rfe8 21. Ne6 Qf7
22. Qf3 Nd7 23. Nb5 Nf8 24. Nxg7 Qxg7 25. a3 a6 26. Nc3 Qe7 27. Na4 Qh4 28. Nb2
Re7 29. Nd3 h5 30. Ne1 hxg4 31. Qxg4 Qxg4+ 32. hxg4 Rh7 33. Nf3 Re8 34. Kg2
Ree7 35. Rh1 Nd7 36. Ng5 Rh8 37. Rxh8+ Kxh8 38. Rh1+ Kg8 39. Ne6 c5 40. Rh6 Nf8
41. Nxf8 Kxf8 42. Rxg6 Rd7 43. Rg5 Rf7 44. bxc5 dxc5 45. Rxe5 f3+ 46. Kg3 Kg7
47. Rf5 Re7 48. Kxf3 Rd7 49. Kf4 Kg6 50. Rg5+ Kf6 51. e5+ Ke7 52. Rg7+ Kd8 53.
Rxd7+ Kxd7 54. e6+ Ke7 55. Ke5 Kf8 56. d6 Ke8 57. Kf6 Kd8 58. Kf7 b5 59. e7+
Kc8 60. e8=Q+ Kb7 61. Qd8 Ka7 62. Qc7+ Ka8 63. d7 bxc4 64. d8=R# 1-0

[Event "DEM U10/U10w 2014"]
[Site "Magdeburg GER"]
[Date "2014.06.13"]
[Round "10"]
[White "Bossert, Moritz"]
[Black "Ewerhardy, Moritz"]
[Result "0-1"]
[Termination "normal"]
[Board "38"]
[WhiteElo "953"]
[BlackElo "1190"]
[PlyCount "102"]
[WhiteFideId "16239946"]
[BlackFideId "36052086"]
[EventCountry "GER"]
[EventRounds "11"]
[EventType "swiss"]
[EventDate "2014.06.07"]

1. d4 f5 2. c4 Nf6 3. Nc3 e6 4. Bg5 Bb4 5. Qc2 O-O 6. d5 b6 7. O-O-O Bxc3 8.
Qxc3 Qe7 9. f3 Bb7 10. e4 Na6 11. e5 Ne4 12. Bxe7 Nxc3 13. bxc3 Rf7 14. d6 Nc5
15. Nh3 h6 16. Nf4 Kh7 17. h4 Na4 18. Kc2 Nc5 19. h5 Na6 20. Ng6 Re8 21. dxc7
Rexe7 22. Nxe7 Rxe7 23. Be2 Nxc7 24. Rd2 Bc6 25. Rhd1 Ba4+ 26. Kc1 Bxd1 27.
Bxd1 Na6 28. Ba4 Nc5 29. Bb5 Kg8 30. Kb2 a6 31. Bxa6 Nxa6 32. Rd6 Nc5 33. Rxb6
Na4+ 34. Kb3 Nxb6 35. c5 Nd5 36. c4 Ne3 37. a4 Re8 38. Kb4 Rb8+ 39. Ka5 Nxc4+
40. Ka6 Rb4 41. a5 Nxe5 42. Ka7 Nc6+ 43. Ka8 Nxa5 44. g4 fxg4 45. fxg4 Kf8 46.
g5 Nc4 47. g6 Ke8 48. c6 dxc6 49. Ka7 Kd8 50. Ka6 Kc7 51. Ka7 Ra4# 0-1

[Event "DEM U10/U10w 2014"]
[Site "Magdeburg GER"]
[Date "2014.06.13"]
[Round "10"]
[White "Rößl, Adam"]
[Black "Kalina, Lena"]
[Result "1-0"]
[Termination "normal"]
[Board "39"]
[WhiteElo "1310"]
[BlackElo "781"]
[PlyCount "57"]
[WhiteFideId "16246047"]
[BlackFideId "12988014"]
[EventCountry "GER"]
[EventRounds "11"]
[EventType "swiss"]
[EventDate "2014.06.07"]

1. e4 e5 2. Nf3 Nc6 3. Bc4 Bc5 4. c3 Nf6 5. d4 exd4 6. cxd4 Bb4+ 7. Nc3 O-O 8.
Bg5 d6 9. e5 h6 10. exf6 hxg5 11. fxg7 Kxg7 12. O-O Bg4 13. d5 Ne5 14. Be2 Ng6
15. Qd4+ f6 16. Qxg4 Bc5 17. Nd4 Bxd4 18. Qxd4 Nf4 19. Bf3 Rh8 20. Ne4 Rf8 21.
Nxg5 c5 22. Qc3 b5 23. Ne6+ Nxe6 24. dxe6 Rb8 25. Rfd1 Re8 26. Bd5 b4 27. Qg3+
Kf8 28. e7+ Rxe7 29. Qg8# 1-0

[Event "DEM U10/U10w 2014"]
[Site "Magdeburg GER"]
[Date "2014.06.13"]
[Round "10"]
[White "Fischer, Laura"]
[Black "Pantsernaya, Sofya"]
[Result "0-1"]
[Termination "normal"]
[Board "40"]
[WhiteElo "1091"]
[BlackElo "1320"]
[PlyCount "104"]
[WhiteFideId "16208935"]
[BlackFideId "12993182"]
[EventCountry "GER"]
[EventRounds "11"]
[EventType "swiss"]
[EventDate "2014.06.07"]

1. e4 d5 2. exd5 Nf6 3. Bb5+ Bd7 4. Bc4 c6 5. Nc3 a5 6. d4 b5 7. dxc6 Bxc6 8.
Bxb5 Bxb5 9. Nxb5 Nc6 10. Nf3 Qb6 11. Nc3 e6 12. O-O Be7 13. Ne5 Nxd4 14. Be3
Rd8 15. Na4 Qd6 16. Bxd4 Qxd4 17. Qxd4 Rxd4 18. Nb6 Bc5 19. Nec4 Bxb6 20. Nxb6
Rb4 21. Na8 O-O 22. Nc7 Rc8 23. Rfd1 h6 24. Nxe6 fxe6 25. g3 Rxb2 26. Rdc1
Rcxc2 27. Rxc2 Rxc2 28. a3 a4 29. Re1 Kf7 30. Kg2 Rc3 31. Re3 Rxe3 32. fxe3 Nd5
33. Kf2 Nc3 34. Ke1 Nb5 35. Kd2 Nxa3 36. Kc3 Nb5+ 37. Kb4 a3 38. Kb3 Kf6 39. h3
Ke5 40. h4 h5 41. Ka2 Ke4 42. Kb3 Kxe3 43. Ka2 e5 44. Kb3 Kd3 45. Ka2 e4 46.
Kb3 e3 47. Ka2 e2 48. Kb3 e1=Q 49. Ka4 Qb1 50. g4 Nc3+ 51. Kxa3 Kc4 52. g5 Qa2#
0-1

[Event "DEM U10/U10w 2014"]
[Site "Magdeburg GER"]
[Date "2014.06.13"]
[Round "10"]
[White "Wiemann, Vanessa"]
[Black "Glinzner, Alva"]
[Result "0-1"]
[Termination "normal"]
[Board "42"]
[WhiteElo "1034"]
[BlackElo "1194"]
[PlyCount "100"]
[WhiteFideId "12942987"]
[BlackFideId "16206169"]
[EventCountry "GER"]
[EventRounds "11"]
[EventType "swiss"]
[EventDate "2014.06.07"]

1. e4 c6 2. d4 d5 3. exd5 cxd5 4. Bd3 Nc6 5. c3 Nf6 6. h3 e6 7. Nf3 Bd7 8. Bf4
Qb6 9. Qe2 Be7 10. O-O O-O 11. Ne5 Rfd8 12. Nxd7 Rxd7 13. Qc2 Rc8 14. Nd2 Nb4
15. Qb1 Nxd3 16. Qxd3 Qxb2 17. Rfb1 Qa3 18. Rb3 Qa5 19. Nf3 Ne4 20. Bd2 Rdc7
21. c4 Nxd2 22. Qxd2 Qxd2 23. Nxd2 dxc4 24. Rc3 Bb4 25. Rc2 Bxd2 26. Rxd2 b5
27. d5 exd5 28. Rxd5 a6 29. Rad1 h6 30. Rd8+ Rxd8 31. Rxd8+ Kh7 32. Rd1 b4 33.
Rb1 c3 34. Rc1 a5 35. Kf1 a4 36. Ke2 b3 37. axb3 axb3 38. Kd3 b2 39. Rb1 c2 40.
Rxb2 c1=Q 41. Rd2 Rd7+ 42. Ke3 Qxd2+ 43. Kf3 Re7 44. Kg3 Qe2 45. Kh2 Rd7 46. h4
Rd2 47. Kh3 Qxf2 48. Kg4 f5+ 49. Kh5 Qe2+ 50. g4 Qxg4# 0-1

[Event "DEM U10/U10w 2014"]
[Site "Magdeburg GER"]
[Date "2014.06.13"]
[Round "10"]
[White "Stockmann, Till"]
[Black "Limbach, Anna-Lena"]
[Result "1-0"]
[Termination "normal"]
[Board "43"]
[WhiteElo "1162"]
[BlackElo "1091"]
[PlyCount "93"]
[WhiteFideId "12979341"]
[BlackFideId "12980412"]
[EventCountry "GER"]
[EventRounds "11"]
[EventType "swiss"]
[EventDate "2014.06.07"]

1. e4 e6 2. d4 d5 3. Nc3 Nf6 4. e5 Nfd7 5. Nf3 c5 6. Bg5 Be7 7. Bf4 Nc6 8. Bb5
cxd4 9. Nxd4 Nxd4 10. Qxd4 a6 11. Bd3 f6 12. O-O fxe5 13. Bxe5 Nxe5 14. Qxe5
O-O 15. Rad1 Bf6 16. Qg3 e5 17. Ne2 e4 18. Bxe4 Qe7 19. Bxd5+ Kh8 20. Nc3 Bh4
21. Qe3 Bxf2+ 22. Qxf2 Rxf2 23. Rxf2 Bg4 24. Rdf1 Rb8 25. Bxb7 a5 26. Kh1 Bh5
27. Bd5 h6 28. Be4 Rd8 29. Bd3 Kg8 30. Bc4+ Kh7 31. Nd5 Qe8 32. Nc3 Qc6 33.
Bd3+ Bg6 34. Bb5 Qe6 35. a4 Qe3 36. Re2 Qg5 37. Ne4 Qh4 38. Bd3 Rd4 39. Nf6+
gxf6 40. Re7+ Kg8 41. Bxg6 f5 42. Ree1 Rd2 43. Bxf5 h5 44. Re3 Kh8 45. Rg3 Qc4
46. Bd3 Qxa4 47. Rf8# 1-0

[Event "DEM U10/U10w 2014"]
[Site "Magdeburg GER"]
[Date "2014.06.13"]
[Round "10"]
[White "Hartmann, Katrin"]
[Black "Basovskiy, Jana"]
[Result "1-0"]
[Termination "normal"]
[Board "44"]
[WhiteElo "1014"]
[BlackElo "1157"]
[PlyCount "91"]
[WhiteFideId "16200632"]
[BlackFideId "16208617"]
[EventCountry "GER"]
[EventRounds "11"]
[EventType "swiss"]
[EventDate "2014.06.07"]

1. e4 e5 2. Nc3 c6 3. Nf3 d6 4. Bc4 Be7 5. d4 Nd7 6. O-O Ngf6 7. Bg5 O-O 8. Qd2
Qc7 9. Rfe1 a5 10. dxe5 dxe5 11. Re3 Rd8 12. Ne1 Nf8 13. Qe2 Be6 14. Rh3 Bxh3
15. gxh3 Ng6 16. Qf3 h6 17. Bxf6 Bxf6 18. Qg3 Qb6 19. Qxg6 Qc7 20. Qg3 Bg5 21.
Nf3 Bf4 22. Qh4 Rd6 23. Rd1 Rf6 24. Kh1 b5 25. Bd3 Rg6 26. Rg1 Rxg1+ 27. Kxg1
Bc1 28. b3 Re8 29. Ne2 Ba3 30. Ng3 Re6 31. Nf5 Rg6+ 32. Kh1 Re6 33. Qg3 f6 34.
c4 b4 35. c5 Kh7 36. N3h4 Kh8 37. Ng6+ Kh7 38. Nf8+ Kg8 39. Nxe6 Qf7 40. Bc4
Qa7 41. Nd8+ Kf8 42. Ne6+ Kg8 43. Nexg7+ Kf8 44. Ne6+ Ke8 45. Qg8+ Kd7 46. Qd8#
1-0

[Event "DEM U10/U10w 2014"]
[Site "Magdeburg GER"]
[Date "2014.06.13"]
[Round "10"]
[White "Kiesel, Lara"]
[Black "Oyunbat, Oyunchimeg"]
[Result "1-0"]
[Termination "normal"]
[Board "45"]
[WhiteElo "893"]
[BlackElo "1043"]
[PlyCount "87"]
[WhiteFideId "12973785"]
[EventCountry "GER"]
[EventRounds "11"]
[EventType "swiss"]
[EventDate "2014.06.07"]

1. e4 e5 2. Nf3 Nc6 3. Bb5 Nd4 4. Nxd4 exd4 5. d3 Nf6 6. O-O c6 7. Bc4 d5 8.
exd5 Nxd5 9. Re1+ Be7 10. Bg5 O-O 11. Bxd5 cxd5 12. Bxe7 Qe8 13. Bxf8 Qxf8 14.
Nd2 Bd7 15. Qf3 Bc6 16. Nb3 Qb4 17. Qf4 Re8 18. Rxe8+ Bxe8 19. Qxd4 Qd6 20. Re1
Bd7 21. Qxa7 h6 22. Qxb7 Bf5 23. Re7 Qg6 24. Qxd5 Qh5 25. Qf3 Qg6 26. a4 Bg4
27. Qe4 f5 28. Qa8+ Kh7 29. Re8 Qf6 30. Rh8+ Kg6 31. Qe8+ Kg5 32. g3 f4 33.
Qb5+ Bf5 34. h4+ Kg4 35. Kg2 Qxb2 36. f3+ Kh5 37. Qe8+ g6 38. g4+ Kxh4 39.
Rxh6+ Kg5 40. Qf8 Bxd3 41. Nc5 Qxc2+ 42. Kh1 Qd1+ 43. Kh2 Bf1 44. Ne6# 1-0

[Event "DEM U10/U10w 2014"]
[Site "Magdeburg GER"]
[Date "2014.06.13"]
[Round "10"]
[White "Sulzbacher, Marijana"]
[Black "Ultsch, Paul"]
[Result "1/2-1/2"]
[Termination "normal"]
[Board "46"]
[WhiteElo "1016"]
[BlackElo "1024"]
[PlyCount "40"]
[WhiteFideId "34658181"]
[BlackFideId "12955965"]
[EventCountry "GER"]
[EventRounds "11"]
[EventType "swiss"]
[EventDate "2014.06.07"]

1. e4 e5 2. Nf3 Nc6 3. Bc4 Nf6 4. d3 Bc5 5. Be3 Bxe3 6. fxe3 O-O 7. O-O d6 8.
c3 Re8 9. Qb3 Rf8 10. Ng5 Qe7 11. Nxf7 Rxf7 12. Bxf7+ Qxf7 13. Qxf7+ Kxf7 14.
d4 Kg8 15. dxe5 dxe5 16. Nd2 Be6 17. Rf2 Rf8 18. a3 Ng4 19. Rxf8+ Kxf8 20. Rf1+
Ke7 1/2-1/2

[Event "DEM U10/U10w 2014"]
[Site "Magdeburg GER"]
[Date "2014.06.13"]
[Round "10"]
[White "Schneider, Katharina"]
[Black "Heutling, Elina"]
[Result "1-0"]
[Termination "normal"]
[Board "48"]
[WhiteElo "929"]
[BlackElo "962"]
[PlyCount "109"]
[WhiteFideId "16200519"]
[BlackFideId "16244729"]
[EventCountry "GER"]
[EventRounds "11"]
[EventType "swiss"]
[EventDate "2014.06.07"]

1. e4 e5 2. Nf3 Nc6 3. d4 exd4 4. Bc4 Bc5 5. c3 dxc3 6. Bxf7+ Kxf7 7. Qd5+ Ke8
8. Qh5+ g6 9. Qxc5 d6 10. Qxc3 Nf6 11. Bg5 Qe7 12. O-O Rf8 13. Re1 Kd8 14. e5
dxe5 15. Nxe5 Nxe5 16. Rxe5 Qd6 17. Na3 Qc6 18. Qxc6 bxc6 19. Rd1+ Bd7 20. Re6
Kc8 21. Rxf6 Rxf6 22. Bxf6 Rb8 23. b3 Rb6 24. h3 Ra6 25. Bb2 c5 26. g4 Rd6 27.
Rxd6 cxd6 28. Kg2 Bc6+ 29. Kg3 d5 30. f4 Kd7 31. Kf3 d4+ 32. Ke2 Kd6 33. f5 h5
34. fxg6 hxg4 35. g7 Bd5 36. hxg4 Ke5 37. Nc2 Bg8 38. b4 c4 39. Bxd4+ Kd5 40.
Bxa7 Kc6 41. a4 Kd5 42. b5 Ke4 43. b6 c3 44. b7 Bb3 45. b8=Q Bxc2 46. Qb4+ Kd5
47. Qxc3 Bxa4 48. Qa5+ Bb5+ 49. Qxb5+ Ke4 50. Bd4 Kxd4 51. g8=R Kc3 52. Qd5 Kb4
53. Qc6 Kb3 54. Rb8+ Ka2 55. Qa8# 1-0

[Event "DEM U10/U10w 2014"]
[Site "Magdeburg GER"]
[Date "2014.06.13"]
[Round "10"]
[White "Kind, Swantje"]
[Black "Unbehend, Marius"]
[Result "1-0"]
[Termination "normal"]
[Board "49"]
[WhiteElo "938"]
[BlackElo "796"]
[PlyCount "109"]
[BlackFideId "16214420"]
[EventCountry "GER"]
[EventRounds "11"]
[EventType "swiss"]
[EventDate "2014.06.07"]

1. e4 e5 2. Nf3 Nc6 3. Bb5 a6 4. Ba4 b5 5. Bb3 Nf6 6. O-O d5 7. exd5 Nxd5 8.
Re1 Bd6 9. d4 Bg4 10. Bxd5 Qd7 11. Be3 O-O 12. Qd2 Rfe8 13. Bxc6 Qxc6 14. Qd1
e4 15. Nbd2 exf3 16. Nxf3 Bxf3 17. Qxf3 Qxf3 18. gxf3 Bf4 19. Bxf4 Rxe1+ 20.
Rxe1 Rc8 21. Bxc7 h6 22. Ba5 Rc6 23. d5 Rd6 24. Rd1 f5 25. Bc7 Rd7 26. Bf4 Kh7
27. Kg2 g5 28. Be5 Re7 29. d6 Rd7 30. f4 Kg6 31. fxg5 Kxg5 32. Kf3 Kg6 33. Rg1+
Kh5 34. Rg7 Rd8 35. d7 a5 36. Bf6 Rf8 37. d8=Q Rxd8 38. Bxd8 a4 39. a3 f4 40.
Kxf4 b4 41. Be7 b3 42. cxb3 axb3 43. Bb4 Kh4 44. h3 Kh5 45. Rh7 Kg6 46. Re7 Kh5
47. Rg7 Kh4 48. Be7+ Kxh3 49. Rh7 Kg2 50. Rxh6 Kxf2 51. Re6 Kf1 52. Kf3 Kg1 53.
Re2 Kf1 54. Bd6 Kg1 55. Re1# 1-0

[Event "DEM U10/U10w 2014"]
[Site "Magdeburg GER"]
[Date "2014.06.14"]
[Round "11"]
[White "Kirchner, Markus"]
[Black "Keymer, Vincent"]
[Result "0-1"]
[Termination "normal"]
[Board "1"]
[WhiteElo "1409"]
[BlackElo "2036"]
[WhiteClock "01:12:42"]
[BlackClock "00:40:47"]
[PlyCount "62"]
[WhiteFideId "12979163"]
[BlackFideId "12940690"]
[EventCountry "GER"]
[EventRounds "11"]
[EventType "swiss"]
[EventDate "2014.06.07"]

1. e4 c5 2. Nf3 e6 3. d4 cxd4 4. Nxd4 Nf6 5. Nc3 d6 6. Bd3 Nc6 7. Nb3 Be7 8.
O-O O-O 9. Kh1 a6 10. f4 b5 11. a3 Bb7 12. Bd2 Rc8 13. Qf3 Qc7 14. Rae1 Rfd8
15. Qh3 Qb8 16. Re2 e5 17. fxe5 Nxe5 18. Nd4 Rc7 19. Nf5 Bc8 20. Qg3 Bxf5 21.
Rxf5 Rc5 22. Rf1 Ng6 23. Bg5 Nh5 24. Qf3 Rxg5 25. Qxf7+ Kh8 26. e5 Rf8 27. Bxg6
hxg6 28. e6 Rxf7 29. exf7 Qa8 30. Rff2 Re5 31. Ne4 Rxe4 0-1

[Event "DEM U10/U10w 2014"]
[Site "Magdeburg GER"]
[Date "2014.06.14"]
[Round "11"]
[White "Krastev, Alexander"]
[Black "Li, Simon"]
[Result "1-0"]
[Termination "normal"]
[Board "2"]
[WhiteElo "1599"]
[BlackElo "1814"]
[WhiteClock "00:26:33"]
[BlackClock "00:37:06"]
[PlyCount "55"]
[WhiteFideId "12989983"]
[BlackFideId "12972134"]
[EventCountry "GER"]
[EventRounds "11"]
[EventType "swiss"]
[EventDate "2014.06.07"]

1. e4 c5 2. Nf3 d6 3. d4 cxd4 4. Nxd4 Nf6 5. Nc3 g6 6. Be3 Bg7 7. f3 O-O 8. Qd2
Nc6 9. O-O-O d5 10. Kb1 Nxd4 11. e5 Nd7 12. Bxd4 Nxe5 13. Qe1 Nd7 14. Bxg7 Kxg7
15. Nxd5 e6 16. Nc3 Qa5 17. Bc4 Nb6 18. Bb3 Bd7 19. h4 Bc6 20. h5 Rh8 21. h6+
Kf8 22. Qg3 Qc5 23. Qf4 Qe7 24. Rhe1 Ke8 25. Rd6 Bd7 26. Ne4 Kf8 27. Qe5 Rg8
28. Nf6 1-0

[Event "DEM U10/U10w 2014"]
[Site "Magdeburg GER"]
[Date "2014.06.14"]
[Round "11"]
[White "Trifan, Andrei Ioan"]
[Black "Post, Hugo"]
[Result "1/2-1/2"]
[Termination "normal"]
[Board "3"]
[WhiteElo "1689"]
[BlackElo "1682"]
[WhiteClock "00:07:17"]
[BlackClock "00:06:53"]
[PlyCount "98"]
[WhiteFideId "12967068"]
[BlackFideId "12962490"]
[EventCountry "GER"]
[EventRounds "11"]
[EventType "swiss"]
[EventDate "2014.06.07"]

1. e4 c5 2. Nf3 d6 3. d4 cxd4 4. Nxd4 Nf6 5. f3 g6 6. c4 Bg7 7. Nc3 O-O 8. Be3
Nc6 9. Qd2 Bd7 10. Be2 Rc8 11. O-O Ne5 12. b3 a6 13. Rac1 Qc7 14. Rfd1 Rfd8 15.
Nc2 Bc6 16. Nb4 Ned7 17. Kh1 Qb8 18. Qe1 Nf8 19. Qf2 N8d7 20. Bd4 Bh6 21. Rb1
Qa8 22. Nc2 Qb8 23. Qh4 Bf8 24. a4 Qc7 25. Ne3 e5 26. b4 exd4 27. Rxd4 b6 28.
g4 Bg7 29. Rd3 Nf8 30. Rg1 a5 31. b5 Bb7 32. g5 N6d7 33. Ncd5 Bxd5 34. Nxd5
Qxc4 35. Ne7+ Kh8 36. Nxc8 Rxc8 37. Qh3 Qc2 38. Bf1 Be5 39. Ra3 Qb2 40. f4 Bxf4
41. Rf3 Be5 42. Rxf7 Qa2 43. Re7 Rc3 44. Qh6 Qf2 45. Bg2 Rc2 46. Qh3 Rc3 47.
Qh6 Rc2 48. Qh3 Rc3 49. Qg4 Qf4 1/2-1/2

[Event "DEM U10/U10w 2014"]
[Site "Magdeburg GER"]
[Date "2014.06.14"]
[Round "11"]
[White "Svane, Frederik"]
[Black "Bethke, Richard"]
[Result "1-0"]
[Termination "normal"]
[Board "4"]
[WhiteElo "1801"]
[BlackElo "1627"]
[WhiteClock "00:44:14"]
[BlackClock "00:29:16"]
[PlyCount "229"]
[WhiteFideId "12923044"]
[BlackFideId "12959243"]
[EventCountry "GER"]
[EventRounds "11"]
[EventType "swiss"]
[EventDate "2014.06.07"]

1. e4 e5 2. Nf3 Nc6 3. Bb5 a6 4. Bxc6 dxc6 5. O-O f6 6. d4 exd4 7. Nxd4 c5 8.
Nb3 Qxd1 9. Rxd1 Bg4 10. f3 Be6 11. Be3 b6 12. Nc3 Bd6 13. Nd5 O-O-O 14. a4 a5
15. Nd2 Ne7 16. Nc4 Nxd5 17. exd5 Bf5 18. c3 Bc2 19. Rdc1 Bd3 20. Na3 c4 21.
Nb5 Kb7 22. Re1 Rhe8 23. Kf2 Re5 24. Bf4 Bc5+ 25. Kg3 Rexd5 26. Nxc7 Rf5 27.
Ne6 Rd7 28. h4 g6 29. Nxc5+ Rxc5 30. Re6 Rc6 31. Rae1 Bf5 32. Re7 Kc8 33. Re8+
Rd8 34. R1e7 h5 35. Be3 Bd7 36. Rxd8+ Kxd8 37. Rg7 f5 38. Kf4 Re6 39. Bd4 Bxa4
40. Kg5 Be8 41. Rb7 b5 42. Ra7 a4 43. Bf6+ Kc8 44. g3 Bc6 45. Kxg6 Bxf3 46. Ra5
Rb6 47. Kxf5 Kd7 48. Ra7+ Kc6 49. Bd4 Rb8 50. Ra6+ Kd5 51. Rf6 b4 52. Ra6 a3
53. Ra5+ Kc6 54. cxb4 axb2 55. Rc5+ Kd6 56. Be5+ Kd7 57. Bxb2 Rxb4 58. Be5 Bg4+
59. Kg5 Ke6 60. Bc3 Ra4 61. Kf4 Kd6 62. Re5 Ra2 63. Bb4+ Kd7 64. Rd5+ Ke6 65.
Rd6+ Kf7 66. Rc6 Rf2+ 67. Ke5 Rf3 68. Rxc4 Rxg3 69. Rc7+ Ke8 70. Kf4 Rf3+ 71.
Kg5 Rf5+ 72. Kg6 Re5 73. Bc3 Re6+ 74. Bf6 Bf3 75. Rg7 Re4 76. Kf5 Re2 77. Rc7
Bg4+ 78. Kg5 Rg2 79. Kh6 Rf2 80. Kg7 Bd7 81. Rb7 Rg2+ 82. Bg5 Rc2 83. Rb8+ Rc8
84. Rb3 Rc6 85. Re3+ Re6 86. Rf3 Bc6 87. Rf8+ Kd7 88. Kf7 Kd6 89. Rd8+ Ke5 90.
Rd3 Bd5 91. Re3+ Kf5 92. Rd3 Re5+ 93. Kg7 Kg4 94. Rd4+ Kh3 95. Kf6 Rxg5 96.
Kxg5 Bf7 97. Rd7 Be8 98. Re7 Bc6 99. Kxh5 Bf3+ 100. Kg5 Kg2 101. Re3 Bd1 102.
Rd3 Bf3 103. Rxf3 Kxf3 104. h5 Ke4 105. h6 Kd5 106. h7 Ke4 107. h8=Q Kd5 108.
Qe8 Kd4 109. Kf4 Kd5 110. Qe5+ Kc4 111. Ke4 Kb3 112. Kd3 Kb4 113. Qd5 Ka4 114.
Kc3 Ka3 115. Qb3# 1-0

[Event "DEM U10/U10w 2014"]
[Site "Magdeburg GER"]
[Date "2014.06.14"]
[Round "11"]
[White "Weishäutel, Moritz"]
[Black "Brunner, Sophia"]
[Result "1-0"]
[Termination "normal"]
[Board "5"]
[WhiteElo "1801"]
[BlackElo "1339"]
[WhiteClock "00:27:48"]
[BlackClock "00:09:00"]
[PlyCount "139"]
[WhiteFideId "12967300"]
[BlackFideId "12960683"]
[EventCountry "GER"]
[EventRounds "11"]
[EventType "swiss"]
[EventDate "2014.06.07"]

1. e4 d5 2. exd5 Qxd5 3. Nc3 Qa5 4. d4 Nf6 5. Bc4 Nc6 6. Bd2 Nxd4 7. Nb5 Qb6 8.
Be3 c5 9. Nxd4 Qb4+ 10. c3 Qxc4 11. Nb3 b6 12. Qf3 Qd5 13. Qg3 Qb7 14. O-O-O
Bf5 15. Qf4 Qe4 16. Qxe4 Bxe4 17. f3 Bb7 18. Ne2 e6 19. Rd2 Be7 20. Rhd1 O-O
21. Rd7 Nxd7 22. Rxd7 Ba6 23. Ng3 Bf6 24. Ne4 Bb5 25. Nxf6+ gxf6 26. Rd1 Rfd8
27. Rh1 e5 28. Bh6 Rd7 29. h4 Rad8 30. Rh3 Bd3 31. h5 Re8 32. Rg3+ Kh8 33. Bg7+
Kg8 34. Bh6+ Bg6 35. hxg6 fxg6 36. Nd2 Red8 37. Ne4 Kf7 38. Kc2 a5 39. Kb3 Rb7
40. Nxf6 Ke6 41. Bg5 Rf8 42. Ne4 Rc8 43. f4 exf4 44. Bxf4 Rd7 45. Re3 Kf5 46.
Nd6+ Kxf4 47. Rf3+ Ke5 48. Nxc8 Rc7 49. Rf8 Ke6 50. Kc4 Rb7 51. Kb5 Rb8 52. Ka6
Kd7 53. Nxb6+ Kc7 54. Nd5+ Kc6 55. Rxb8 Kxd5 56. Rh8 h5 57. Rh6 Ke5 58. Rxg6
Kf5 59. Rh6 Kg5 60. Rh8 h4 61. Kxa5 Kg4 62. Kb5 Kg3 63. a4 c4 64. a5 Kxg2 65.
Rxh4 Kf2 66. a6 Ke2 67. a7 Kd2 68. a8=Q Kc2 69. Rh2+ Kd3 70. Qf3# 1-0

[Event "DEM U10/U10w 2014"]
[Site "Magdeburg GER"]
[Date "2014.06.14"]
[Round "11"]
[White "Nguyen, Alex Dac-Vuong"]
[Black "Grund, Sebastian"]
[Result "1/2-1/2"]
[Termination "normal"]
[Board "6"]
[WhiteElo "1812"]
[BlackElo "1424"]
[WhiteClock "00:39:12"]
[BlackClock "00:41:59"]
[PlyCount "68"]
[WhiteFideId "12984388"]
[BlackFideId "12988626"]
[EventCountry "GER"]
[EventRounds "11"]
[EventType "swiss"]
[EventDate "2014.06.07"]

1. e4 c5 2. Nf3 Qa5 3. Nc3 g6 4. d4 Bg7 5. Be3 Nc6 6. Qd2 cxd4 7. Nxd4 Nf6 8.
f3 d6 9. O-O-O h5 10. Kb1 Bd7 11. h3 Rc8 12. Nb3 Qc7 13. Bg5 Be6 14. Nd5 Bxd5
15. exd5 Nb4 16. Bxf6 Bxf6 17. Bb5+ Kf8 18. Nd4 Nxd5 19. Be2 Qb6 20. c4 Qxd4
21. Qxd4 Bxd4 22. cxd5 Bf6 23. Rc1 Kg7 24. Rxc8 Rxc8 25. Rc1 Rxc1+ 26. Kxc1 b6
27. b3 Bd4 28. Kd2 Kf6 29. a4 e6 30. Kd3 e5 31. f4 Kf5 32. fxe5 Kxe5 33. Bf3 h4
34. b4 f5 1/2-1/2

[Event "DEM U10/U10w 2014"]
[Site "Magdeburg GER"]
[Date "2014.06.14"]
[Round "11"]
[White "Hommel, Niclas"]
[Black "Wu, Leon"]
[Result "1/2-1/2"]
[Termination "normal"]
[Board "7"]
[WhiteElo "1575"]
[BlackElo "1568"]
[PlyCount "111"]
[WhiteFideId "12974927"]
[BlackFideId "12977438"]
[EventCountry "GER"]
[EventRounds "11"]
[EventType "swiss"]
[EventDate "2014.06.07"]

1. e4 e5 2. Nf3 Nc6 3. Bb5 a6 4. Ba4 Nf6 5. O-O Be7 6. Bxc6 dxc6 7. Re1 Bg4 8.
d3 Bd6 9. h3 Bd7 10. Nbd2 O-O 11. d4 Re8 12. dxe5 Bxe5 13. Nc4 Bxb2 14. Bxb2
Nxe4 15. Qd4 Nf6 16. Rxe8+ Bxe8 17. Qc3 Bd7 18. Ne3 Qf8 19. Rd1 h6 20. Ne5 Be6
21. N5g4 Nxg4 22. Nxg4 f6 23. a3 Rd8 24. Re1 Bf5 25. Qg3 Kh7 26. Qxc7 Kg6 27.
Qg3 Kh7 28. Qc3 Bxg4 29. hxg4 Kh8 30. Re3 Rd1+ 31. Re1 Rd7 32. Qh3 Rd5 33. Qb3
Rb5 34. Qc3 Rd5 35. a4 Rg5 36. Qb3 Qc8 37. f3 Rd5 38. c4 Rd7 39. Qc2 Qf8 40.
Qg6 Rd8 41. Rb1 Qe7 42. Qc2 Qc7 43. Re1 Qf7 44. Ba3 Re8 45. Rxe8+ Qxe8 46. Kf2
Kg8 47. Qe2 Qd7 48. Bb2 Kf7 49. Ke1 Qd6 50. Qd2 Qe6+ 51. Qe2 Qd6 52. Kf2 Qc5+
53. Kf1 Qd6 54. Kg1 Qb4 55. Qc2 Qe1+ 56. Kh2 1/2-1/2

[Event "DEM U10/U10w 2014"]
[Site "Magdeburg GER"]
[Date "2014.06.14"]
[Round "11"]
[White "Ziegenfuß, Antonia"]
[Black "Meinschien, Finn"]
[Result "1-0"]
[Termination "normal"]
[Board "9"]
[WhiteElo "1705"]
[BlackElo "1300"]
[PlyCount "111"]
[WhiteFideId "12962554"]
[BlackFideId "12989665"]
[EventCountry "GER"]
[EventRounds "11"]
[EventType "swiss"]
[EventDate "2014.06.07"]

1. e4 e5 2. Nc3 Bc5 3. Bc4 Nf6 4. d3 d6 5. f4 Nc6 6. Nf3 Bd7 7. Na4 Bb6 8. Nxb6
axb6 9. O-O O-O 10. fxe5 dxe5 11. Qe1 Na5 12. Nxe5 Nxc4 13. Nxc4 Be6 14. Ne3
Qd4 15. Kh1 Bxa2 16. Nf5 Qd7 17. Qg3 g6 18. Qg5 Nh5 19. b3 f6 20. Qg4 Kh8 21.
Qh4 gxf5 22. Qxh5 fxe4 23. Bb2 Qg7 24. dxe4 Kg8 25. Rf3 Kh8 26. e5 Rad8 27.
exf6 Qf7 28. Rh3 Kg8 29. Qg4+ Qg6 30. Qxg6+ hxg6 31. g3 Ra8 32. Re1 Rfe8 33.
Rh8+ Kf7 34. Rhxe8 Rxe8 35. Rxe8 Kxe8 36. Kg2 Bb1 37. c4 Bc2 38. b4 Bb3 39. c5
bxc5 40. bxc5 b6 41. cxb6 cxb6 42. Kf3 Kf7 43. Kf4 b5 44. Kg5 Be6 45. h4 Bb3
46. g4 Bc2 47. h5 gxh5 48. Kxh5 Kg8 49. g5 Bb3 50. g6 Bc4 51. Kg5 Be6 52. Kf4
b4 53. Ke5 Bd7 54. f7+ Kf8 55. Kf6 Be8 56. g7# 1-0

[Event "DEM U10/U10w 2014"]
[Site "Magdeburg GER"]
[Date "2014.06.14"]
[Round "11"]
[White "Hassemeier, Mika"]
[Black "Dobrikov, Marco"]
[Result "0-1"]
[Termination "normal"]
[Board "10"]
[WhiteElo "1409"]
[BlackElo "1695"]
[PlyCount "38"]
[WhiteFideId "12994880"]
[BlackFideId "12950378"]
[EventCountry "GER"]
[EventRounds "11"]
[EventType "swiss"]
[EventDate "2014.06.07"]

1. c4 e5 2. Nc3 d6 3. g3 f5 4. Bg2 Nf6 5. e3 Be7 6. Nge2 O-O 7. O-O c6 8. d4
Be6 9. d5 Bd7 10. Qb3 Qc8 11. Rd1 Kh8 12. Bd2 Na6 13. Rac1 Rb8 14. a3 Nc5 15.
Qc2 f4 16. exf4 Bf5 17. Ne4 Ncxe4 18. Qa4 Nc5 19. Qxa7 Bd8 0-1